[Event "14th ECC w"]
[Site "Ohrid MKD"]
[Date "2009.10.07"]
[Round "4"]
[White "Iljushina,O"]
[Black "Javakhishvili,L"]
[Result "1/2-1/2"]
[WhiteElo "2364"]
[BlackElo "2472"]
[EventDate "2009.10.04"]

1. d4 d6 2. Nf3 g6 3. e4 Bg7 4. Nc3 Nd7 5. Bc4 e6 6. Bg5 Ne7 7. Qd2 h6 8.
Be3 Nb6 9. Bd3 d5 10. e5 Nf5 11. O-O-O Nxe3 12. Qxe3 Bd7 13. Nd2 Qe7 14. f4
h5 15. g3 O-O-O 16. h3 Kb8 17. Kb1 Rc8 18. Nb3 Na4 19. Nxa4 Bxa4 1/2-1/2

[Event "14th ECC w"]
[Site "Ohrid MKD"]
[Date "2009.10.07"]
[Round "4"]
[White "Khukhashvili,S"]
[Black "Ushenina,A"]
[Result "1/2-1/2"]
[WhiteElo "2451"]
[BlackElo "2448"]
[EventDate "2009.10.04"]

1. e4 c5 2. Nf3 d6 3. d4 Nf6 4. Nc3 cxd4 5. Nxd4 Nc6 6. Bg5 e6 7. Qd2 a6 8.
O-O-O Be7 9. f4 Nxd4 10. Qxd4 b5 11. Be2 Bb7 12. Bf3 O-O 13. e5 Bxf3 14.
exf6 gxf6 15. gxf3 fxg5 16. Ne4 d5 17. Nxg5 Bf6 18. Qd3 Bxg5 1/2-1/2

[Event "14th ECC w"]
[Site "Ohrid MKD"]
[Date "2009.10.07"]
[Round "4"]
[White "Paehtz,E"]
[Black "Melia,S"]
[Result "1/2-1/2"]
[WhiteElo "2482"]
[BlackElo "2432"]
[EventDate "2009.10.04"]

1. e4 c5 2. Nf3 d6 3. d4 cxd4 4. Nxd4 Nf6 5. Nc3 Nc6 6. Bg5 e6 7. Qd2 Qb6
8. Bxf6 gxf6 9. Nb3 Bd7 10. O-O-O O-O-O 11. f4 Rg8 12. g3 h5 13. Bh3 Kb8
14. Kb1 Na5 15. Qe2 Rh8 16. Bg2 Rc8 17. Rd3 Nc4 18. Rf1 Be7 19. Qf2 Qa6 20.
Rfd1 Rc7 21. Bf3 b5 22. Ne2 b4 23. Nec1 Qb5 24. Be2 Rhc8 25. Qf3 Qb6 26.
Rd4 1/2-1/2

[Event "14th ECC w"]
[Site "Ohrid MKD"]
[Date "2009.10.07"]
[Round "4"]
[White "Hoang Thanh Trang"]
[Black "Rajlich,I"]
[Result "0-1"]
[WhiteElo "2501"]
[BlackElo "2465"]
[EventDate "2009.10.04"]

1. Nf3 Nf6 2. c4 g6 3. g3 Bg7 4. Bg2 d5 5. cxd5 Nxd5 6. d4 Nb6 7. Nc3 Nc6
8. d5 Bxc3+ 9. bxc3 Qxd5 10. Qc2 Bf5 11. Qb2 O-O-O 12. Bf4 Nc4 13. Qc1 f6
14. O-O Be4 15. h4 h6 16. Bxh6 Qh5 17. Bh3+ Bf5 18. Bxf5+ gxf5 19. Bd2 Nxd2
20. Nxd2 Qxe2 21. Rd1 Ne5 22. Nf1 Nf3+ 23. Kh1 Rxd1 24. Qxd1 Qxf2 0-1

[Event "14th ECC w"]
[Site "Ohrid MKD"]
[Date "2009.10.07"]
[Round "4"]
[White "Zawadzka,J"]
[Black "Cmilyte,V"]
[Result "1/2-1/2"]
[WhiteElo "2414"]
[BlackElo "2477"]
[EventDate "2009.10.04"]

1. e4 c5 2. Nf3 Nc6 3. d4 cxd4 4. Nxd4 Nf6 5. Nc3 e5 6. Ndb5 d6 7. Bg5 a6
8. Na3 b5 9. Nd5 Be7 10. Bxf6 Bxf6 11. c3 Bg5 12. Nc2 Rb8 13. a4 bxa4 14.
Ncb4 Nxb4 15. Nxb4 Bd7 16. Bxa6 Qa5 17. Qxd6 Rb6 18. Qd3 Be7 19. Nd5 Rxb2
20. O-O Qc5 21. c4 Rb3 22. Qe2 Bd6 23. Bb5 Bxb5 24. cxb5 Qxb5 25. Qxb5+
1/2-1/2

[Event "14th ECC w"]
[Site "Ohrid MKD"]
[Date "2009.10.07"]
[Round "4"]
[White "Maric,A"]
[Black "Szczepkowska Horowska,K"]
[Result "1/2-1/2"]
[WhiteElo "2405"]
[BlackElo "2321"]
[EventDate "2009.10.04"]

1. Nf3 Nf6 2. c4 g6 3. g3 Bg7 4. Bg2 O-O 5. O-O d6 6. d4 Nc6 7. Nc3 Bg4 8.
d5 Na5 9. b3 c5 10. Bb2 a6 11. Nd2 Rb8 12. h3 Bd7 13. Qc2 b5 14. Rab1 Qc7
15. Ba1 bxc4 16. bxc4 Rxb1 17. Rxb1 Rb8 18. Nd1 Rxb1 19. Qxb1 Ne8 20. Bxg7
Nxg7 21. e3 Qb7 22. Qxb7 Nxb7 23. Nb2 Na5 24. f4 Ne8 25. Kf2 Nc7 26. e4 f6
27. e5 Bf5 28. g4 Bc2 29. Be4 Bxe4 30. Nxe4 fxe5 31. fxe5 Ne8 32. Ke3 h6
33. Kd3 Nb7 34. Na4 Kf7 35. Nb6 e6 36. exd6 Nexd6 37. Nxd6+ Nxd6 38. Nd7
Nb7 39. Nb8 a5 40. a4 Ke7 41. Nc6+ Kd6 42. Ke4 exd5+ 43. cxd5 c4 44. Kd4 c3
45. Kxc3 Kxd5 46. Ne7+ Ke6 47. Nxg6 Nc5 48. Kc4 Nxa4 49. Kb5 Nc3+ 50. Kxa5
Kf6 51. Nh4 Kg5 52. Nf5 1/2-1/2

[Event "14th ECC w"]
[Site "Ohrid MKD"]
[Date "2009.10.07"]
[Round "4"]
[White "Krupa,M"]
[Black "Kovalevskaya,E"]
[Result "0-1"]
[WhiteElo "2219"]
[BlackElo "2436"]
[EventDate "2009.10.04"]

1. e4 c5 2. Nf3 e6 3. Nc3 Nc6 4. Bb5 Nge7 5. O-O a6 6. Bxc6 Nxc6 7. Re1 d6
8. d4 cxd4 9. Nxd4 Be7 10. Nxc6 bxc6 11. e5 d5 12. Qg4 Kf8 13. b3 c5 14. a4
Bb7 15. Ba3 Qc7 16. Rad1 h5 17. Qe2 h4 18. h3 g6 19. Bc1 Rh5 20. Bf4 Rc8
21. Qg4 Rd8 22. Qe2 Kg7 23. Qg4 Qb6 24. Nb1 Rf5 25. Re2 d4 26. Red2 Qc6 27.
f3 c4 28. Kh1 d3 29. cxd3 Rxd3 30. bxc4 Rxd2 31. Bxd2 Qxa4 32. Nc3 Qc2 33.
Qd4 Bg5 34. Bxg5 Rxg5 35. Rd2 Qf5 36. Qxh4 Qxe5 37. Qd4 Qxd4 38. Rxd4 Rc5
39. Na4 Rc7 40. Kg1 e5 41. Rh4 e4 42. c5 exf3 43. gxf3 Bxf3 44. Rc4 f5 45.
Kf2 Be4 46. Ke3 Kf6 47. Nc3 Bc6 48. Rb4 Ke5 49. h4 Bd7 50. Ne2 Rxc5 51. Nf4
Rc3+ 52. Nd3+ Kf6 53. Kd4 Rc8 54. Nf4 Bb5 55. Nd5+ Kf7 56. Ne3 Re8 0-1

[Event "14th ECC w"]
[Site "Ohrid MKD"]
[Date "2009.10.07"]
[Round "4"]
[White "Chelushkina,I"]
[Black "Koneru,H"]
[Result "0-1"]
[WhiteElo "2333"]
[BlackElo "2595"]
[EventDate "2009.10.04"]

1. g3 g6 2. Bg2 Bg7 3. d4 d6 4. c3 Nf6 5. e4 O-O 6. Ne2 Nbd7 7. O-O e5 8.
a4 b6 9. Na3 Bb7 10. d5 c6 11. c4 Ne8 12. Nc3 c5 13. g4 Bf6 14. Nc2 Ng7 15.
a5 bxa5 16. Bh6 Bg5 17. Bxg5 Qxg5 18. Ne3 h5 19. Nb5 Qe7 20. gxh5 a6 21. h6
Nh5 22. h7+ Kh8 23. Nc3 Nf4 24. Qg4 Bc8 25. Rxa5 Rb8 26. Ra2 f5 27. exf5
Nf6 28. Qh4 gxf5 29. Kh1 Rf7 30. f3 Rxh7 31. Qg5 Rxh2+ 32. Kxh2 Ng4+ 0-1

[Event "14th ECC w"]
[Site "Ohrid MKD"]
[Date "2009.10.07"]
[Round "4"]
[White "Kosteniuk,A"]
[Black "Foisor,C"]
[Result "1-0"]
[WhiteElo "2516"]
[BlackElo "2433"]
[EventDate "2009.10.04"]

1. e4 e5 2. Nf3 Nc6 3. Bb5 Nf6 4. Qe2 Bd6 5. c3 O-O 6. d3 Re8 7. O-O a6 8.
Ba4 b5 9. Bb3 h6 10. Nbd2 Bf8 11. Re1 d6 12. Nf1 Na5 13. Bc2 c5 14. a3 Bb7
15. b4 Nc6 16. bxc5 dxc5 17. Ne3 Rc8 18. Bb2 Rc7 19. Rad1 Rd7 20. Bb3 a5
21. a4 b4 22. Nc4 Qc7 23. h3 Ba6 24. Rb1 Rdd8 25. Qe3 Nd7 26. Red1 Nb6 27.
Nxb6 Qxb6 28. Bd5 Bb7 29. Nd2 Qc7 30. Nc4 Ra8 31. Qg3 Ra6 32. Ne3 Nd8 33.
Bc4 Rb6 34. Rbc1 Kh8 35. cxb4 axb4 36. Bb5 Rg6 37. Ng4 Ree6 38. Bc4 Re8 39.
Bxe5 Qe7 40. Bb2 h5 41. Qe5 hxg4 42. Qh5+ Kg8 43. Qxg6 gxh3 44. Qg3 Bc6 45.
gxh3 Bxa4 46. Rf1 Ne6 47. f4 Qd7 48. Rf2 Nd4 49. Bd5 Qd6 50. Kh2 Bd7 51.
Bxd4 cxd4 52. Bc4 Ra8 53. Re1 Be6 54. e5 Qc6 55. Bxe6 fxe6 56. Qg6 Qe8 57.
Qe4 Rd8 58. f5 exf5 59. Rxf5 Qe6 60. Rh5 Be7 61. Qh7+ Kf7 62. Rf1+ Ke8 63.
Qxg7 Kd7 64. Qg2 Kc7 65. Rc1+ Kb6 66. Qd2 Kb5 67. Qg2 Rd5 68. Qa2 Bc5 69.
Qc4+ Kb6 70. Ra1 Kb7 71. Qb5+ Bb6 72. Qa6+ Kc7 73. Rc1+ 1-0

[Event "14th ECC w"]
[Site "Ohrid MKD"]
[Date "2009.10.07"]
[Round "4"]
[White "Petrenko,S"]
[Black "Cramling,P"]
[Result "0-1"]
[WhiteElo "2260"]
[BlackElo "2535"]
[EventDate "2009.10.04"]

1. e4 c5 2. Nf3 b6 3. Bc4 e6 4. O-O a6 5. Re1 Qc7 6. d4 cxd4 7. Qxd4 Nc6 8.
Qc3 f6 9. a3 Bd6 10. Ba2 Nge7 11. Nbd2 Ne5 12. Qxc7 Bxc7 13. b4 g5 14. Bb2
N7g6 15. Nxe5 fxe5 16. c4 Bb7 17. Rad1 Bc6 18. Bb3 b5 19. c5 a5 20. Nb1 O-O
21. Nc3 Rf7 22. Bc2 Nf4 23. Rd2 h5 24. Bd1 g4 25. f3 gxf3 26. Bxf3 Raf8 27.
Bd1 Rg7 28. Kh1 axb4 29. axb4 h4 30. Bf3 Nh3 31. Be2 Nf2+ 32. Kg1 Nh3+ 33.
Kh1 Nf2+ 34. Kg1 Bxe4 35. Bf1 Nh3+ 36. Kh1 Bc6 37. Nxb5 Rxf1+ 38. Rxf1 Bxb5
39. Re1 Bc6 40. Bxe5 Bxe5 41. Rxe5 Nf4 42. Kg1 Bxg2 43. Kf2 Bc6 44. Rd4
Rg2+ 45. Ke1 Ng6 46. Re2 Rg1+ 47. Kf2 Rg5 48. h3 Kf7 49. Re3 Rf5+ 50. Ke1
Nf4 51. Ra3 e5 52. Rd6 e4 53. Ra7 Nd3+ 54. Kd2 Ke8 55. Kc3 Ne5 56. Kd4 Nf3+
57. Kc4 e3 58. b5 Nd2+ 59. Kd3 Bxb5+ 60. Kxe3 Nc4+ 61. Ke4 Nxd6+ 62. cxd6
Rf6 63. Ra8+ Kf7 64. Rh8 Rxd6 65. Rxh4 Bc6+ 66. Ke3 Rd1 67. Rg4 Ra1 68. h4
Ra3+ 69. Kd2 Ra4 0-1

[Event "14th ECC w"]
[Site "Ohrid MKD"]
[Date "2009.10.07"]
[Round "4"]
[White "Skripchenko,A"]
[Black "Benderac,A"]
[Result "1-0"]
[WhiteElo "2448"]
[BlackElo "2276"]
[EventDate "2009.10.04"]

1. e4 e6 2. d4 d5 3. Nc3 Nf6 4. Bg5 Be7 5. e5 Nfd7 6. Bxe7 Qxe7 7. f4 a6 8.
Nf3 c5 9. dxc5 Qxc5 10. Qd2 Nc6 11. O-O-O b5 12. Ne2 Bb7 13. Ned4 Nxd4 14.
Nxd4 O-O-O 15. Kb1 Kb8 16. h4 Qb6 17. h5 h6 18. Qe3 Nc5 19. Nb3 d4 20. Nxd4
Na4 21. Be2 Rd7 22. Rd3 Bxg2 23. Rg1 Bd5 24. Nb3 Qc7 25. Rxg7 Rc8 26. Qd2
Nb6 27. Rg1 Nc4 28. Qc1 Qb6 29. Bf3 Bxf3 30. Rxf3 a5 31. Rd1 Rdc7 32. Nd4
b4 33. a4 Qb7 34. Rfd3 Nb6 35. Nb5 Nxa4 36. Nd6 Rxc2 37. Nxb7 1-0

[Event "14th ECC w"]
[Site "Ohrid MKD"]
[Date "2009.10.07"]
[Round "4"]
[White "Kosintseva,T"]
[Black "Arakhamia,K"]
[Result "1-0"]
[WhiteElo "2536"]
[BlackElo "2499"]
[EventDate "2009.10.04"]

1. e4 c5 2. Nf3 e6 3. d4 cxd4 4. Nxd4 Nc6 5. Nc3 d6 6. Be3 Nf6 7. Qd2 Be7
8. f3 O-O 9. O-O-O a6 10. g4 Nxd4 11. Bxd4 b5 12. g5 Nd7 13. h4 Bb7 14. a3
Ne5 15. Qe3 Nc6 16. Bb6 Qb8 17. h5 Re8 18. g6 h6 19. gxf7+ Kxf7 20. f4 Bf6
21. Rg1 Ne7 22. Bh3 Bc6 23. Rdf1 a5 24. Bd4 b4 25. Bxf6 gxf6 26. f5 exf5
27. Bxf5 bxc3 28. Qxc3 Nxf5 29. Rxf5 Re6 30. Qxc6 Qa7 31. Rgf1 Qe3+ 32. Kb1
Ra7 33. e5 Ke7 34. exf6+ Kf7 35. Qg2 1-0

[Event "14th ECC w"]
[Site "Ohrid MKD"]
[Date "2009.10.07"]
[Round "4"]
[White "Dembo,Y"]
[Black "Kosintseva,N"]
[Result "1/2-1/2"]
[WhiteElo "2482"]
[BlackElo "2493"]
[EventDate "2009.10.04"]

1. e4 e5 2. Nf3 Nc6 3. d4 exd4 4. Nxd4 Bc5 5. Be3 Qf6 6. c3 Nge7 7. Qd2 O-O
8. Nb5 Bxe3 9. Qxe3 d5 10. Nd2 Bd7 11. Qf3 Qxf3 12. gxf3 Rac8 13. O-O-O a6
14. Na3 Ne5 15. Rg1 Rcd8 16. Re1 Rfe8 17. Be2 N7g6 18. Bf1 Nf4 19. Re3 Ba4
20. b3 Bc6 21. Kc2 f6 22. Nab1 Kf8 23. a4 Re7 24. c4 dxc4 25. Bxc4 b5 26.
axb5 axb5 27. Be2 Be8 28. Rd1 c6 29. Bf1 Bh5 30. Rde1 Ra7 31. Nc3 Rad7 32.
Ncb1 Ne6 33. Kc3 b4+ 34. Kxb4 Rxd2 35. Nxd2 Rxd2 36. Be2 Nd4 37. Kc3 Rxe2
38. R1xe2 Nxe2+ 39. Rxe2 Bxf3 40. Re1 Ke7 41. Kd4 Kd6 42. b4 g5 43. Ke3 Bg4
44. Ra1 Bd7 45. f3 h5 46. Rd1+ Ke7 47. Rg1 h4 48. Ra1 Be6 49. Rc1 Bf7 50.
Rc3 Kd6 51. f4 Ng4+ 52. Ke2 Nxh2 53. e5+ fxe5 54. fxg5 Bd5 55. Rh3 Nf3 56.
Rxf3 Bxf3+ 57. Kxf3 Ke6 58. Kg4 h3 59. Kxh3 Kf5 60. Kh4 e4 61. g6 Kxg6 62.
Kg4 1/2-1/2

[Event "14th ECC w"]
[Site "Ohrid MKD"]
[Date "2009.10.07"]
[Round "4"]
[White "Lahno,Kateri"]
[Black "Peptan,C"]
[Result "1-0"]
[WhiteElo "2483"]
[BlackElo "2387"]
[EventDate "2009.10.04"]

1. d4 Nf6 2. c4 e6 3. g3 Bb4+ 4. Bd2 Qe7 5. Bg2 O-O 6. Nc3 Nc6 7. a3 Bxc3
8. Bxc3 d5 9. Nf3 Ne4 10. Qd3 Bd7 11. O-O Nxc3 12. Qxc3 a5 13. b3 Rfd8 14.
Rfe1 Be8 15. e4 dxe4 16. Rxe4 f5 17. Re3 Qf6 18. Rae1 Bf7 19. Rd3 Rd7 20.
Ne5 Nxe5 21. Rxe5 c6 22. f4 h6 23. h4 Qd8 24. Kf2 Qc7 25. a4 Qb6 26. Bf3
Qd8 27. Rd1 Qc7 28. Rd2 Qb6 29. Be2 Kf8 30. Ke3 Qc7 31. Bf3 Qb6 32. Rd3 Kg8
33. Kf2 Qd8 34. Qd2 Qb6 35. Kg2 Qd8 36. Kh3 Qb6 37. g4 Bg6 38. g5 hxg5 39.
fxg5 f4 40. Be4 Bh5 41. g6 Bxg6 42. Bxg6 Rf8 43. Qd1 f3 44. Rxf3 Rxd4 45.
Rxf8+ Kxf8 46. Rxe6 1-0

[Event "14th ECC w"]
[Site "Ohrid MKD"]
[Date "2009.10.07"]
[Round "4"]
[White "Motoc,A"]
[Black "Ovod,E"]
[Result "1/2-1/2"]
[WhiteElo "2316"]
[BlackElo "2447"]
[EventDate "2009.10.04"]

1. d4 d5 2. c4 e6 3. Nf3 Nf6 4. Nc3 c6 5. Bg5 dxc4 6. e4 b5 7. e5 h6 8. Bh4
g5 9. Nxg5 hxg5 10. Bxg5 Nbd7 11. exf6 Bb7 12. g3 c5 13. d5 Qc7 14. Qe2
O-O-O 15. O-O-O b4 16. dxe6 bxc3 17. exd7+ Rxd7 18. Qe8+ Qd8 19. Qxd8+ Kxd8
20. Rxd7+ Kxd7 21. Rg1 cxb2+ 22. Kxb2 Rxh2 23. Be3 Ke6 24. Bxc4+ Kxf6 25.
Rd1 Bc6 26. Rd8 Be7 27. Rc8 Bd7 28. Rc7 Be6 29. Bxe6 Kxe6 30. Rxa7 Bf6+ 31.
Kc2 Bd4 32. Kd3 Bxe3 33. Kxe3 Rh1 34. a4 Ra1 35. a5 Ra3+ 36. Ke2 Ra2+ 37.
Kd3 Rxf2 38. a6 Rf3+ 39. Kc4 Rxg3 40. Kxc5 Ra3 41. Kb5 f5 42. Ra8 Kd7 43.
Kb6 Rb3+ 44. Ka7 Kc7 45. Rf8 Rb1 46. Rxf5 Rc1 47. Rb5 Rc2 48. Rb7+ Kc8 49.
Rb1 Kc7 50. Ka8 Kc8 51. Rh1 Kc7 52. Rh7+ Kc8 53. Rh6 Kc7 1/2-1/2

[Event "14th ECC w"]
[Site "Ohrid MKD"]
[Date "2009.10.07"]
[Round "4"]
[White "Gaponenko,I"]
[Black "Rudolf,An"]
[Result "1-0"]
[WhiteElo "2438"]
[BlackElo "2286"]
[EventDate "2009.10.04"]

1. e4 e6 2. d4 d5 3. Nc3 Nf6 4. e5 Nfd7 5. f4 c5 6. Nf3 Nc6 7. Be3 a6 8.
Qd2 b5 9. a3 Qb6 10. Ne2 c4 11. g4 h5 12. gxh5 Rxh5 13. Ng3 Rh8 14. Bg2 g6
15. h4 Ne7 16. h5 gxh5 17. Nxh5 Rg8 18. Bh3 Nf5 19. Ke2 Be7 20. Rag1 Rxg1
21. Rxg1 Nf8 22. Rg8 b4 23. axb4 a5 24. Nf6+ Bxf6 25. exf6 Ba6 26. c3 Nd6
27. Ng5 O-O-O 28. bxa5 Qxa5 29. f5 exf5 30. Bf4 Ne6 31. Rxd8+ Qxd8 32. Bxd6
Qxd6 33. Bxf5 Qh2+ 34. Kd1 Qh1+ 35. Kc2 Qf1 36. Bxe6+ fxe6 37. f7 Bb5 38.
b3 cxb3+ 39. Kxb3 Kd7 40. Qh2 Qb1+ 41. Qb2 Qd1+ 42. Ka2 Qf1 43. Nf3 Bc4+
44. Ka3 Qxf3 45. Qb7+ Kd8 46. Qb8+ Kd7 47. Qe8+ Kc7 48. Kb4 Qd3 49. Kc5 Bb5
50. Qe7+ Bd7 51. Qd6+ 1-0

[Event "14th ECC w"]
[Site "Ohrid MKD"]
[Date "2009.10.07"]
[Round "4"]
[White "Steil Antoni,F"]
[Black "Bojkovic,N"]
[Result "1-0"]
[WhiteElo "2152"]
[BlackElo "2429"]
[EventDate "2009.10.04"]

1. e4 c5 2. c3 d5 3. exd5 Qxd5 4. d4 e6 5. Nf3 Nf6 6. Be2 Nc6 7. O-O Be7 8.
Na3 O-O 9. Nb5 Qd8 10. dxc5 Bxc5 11. Bg5 a6 12. Nbd4 Bd7 13. Nxc6 Bxc6 14.
Ne5 Qxd1 15. Raxd1 Ne4 16. Nxc6 bxc6 17. Bc1 Rfd8 18. Bd3 Nf6 19. Bg5 a5
20. Bxf6 gxf6 21. Be4 Rdc8 22. g4 a4 23. Bc2 Rcb8 24. b3 axb3 25. Bxb3 Ra7
26. Rd3 Kf8 27. Rh3 Ke7 28. Rxh7 Rg8 29. h3 f5 30. Re1 Kf6 31. Rh6+ Kg5 32.
Rh5+ Kf4 33. Kf1 Rd7 34. gxf5 exf5 35. Bc2 Rg5 36. Rh4+ Kf3 37. Re2 Rd6 38.
Rc4 Bb6 39. Ba4 Rgg6 40. Rb2 Ba5 41. Rb1 Bb6 42. Rxb6 Rd2 43. Rb2 1-0

[Event "14th ECC w"]
[Site "Ohrid MKD"]
[Date "2009.10.07"]
[Round "4"]
[White "Vasilevich,T"]
[Black "Henrichs,W"]
[Result "1-0"]
[WhiteElo "2423"]
[BlackElo "2034"]
[EventDate "2009.10.04"]

1. d4 Nf6 2. c4 g6 3. Nc3 Bg7 4. g3 O-O 5. Bg2 d6 6. h3 e5 7. e3 Nc6 8.
Nge2 Bd7 9. O-O Qc8 10. Kh2 a6 11. b3 Rb8 12. a4 Re8 13. d5 Nb4 14. e4 a5
15. Be3 b6 16. Qd2 Na6 17. g4 Nc5 18. Rab1 Rf8 19. Ng3 Kh8 20. g5 Ng8 21.
h4 f5 22. exf5 gxf5 23. f4 Ne7 24. Nh5 Ng6 25. Nxg7 Kxg7 26. h5 Nxf4 27.
Bxf4 exf4 28. Qd4+ Kg8 29. h6 Rf7 30. Bf3 Qf8 31. Ne2 Re8 32. Nxf4 Re5 33.
Rg1 Rfe7 34. Rg3 Ne4 35. Rg2 Nc5 36. Nh5 Be8 37. Nf6+ Kh8 38. Rg3 Bg6 39.
Bg2 Ne4 40. Bxe4 fxe4 41. Ng4 Kg8 42. Nxe5 Rxe5 43. Rb2 Qe7 44. Qe3 Rf5 45.
Rf2 Re5 46. Rf6 Bh5 47. Rg1 Bf3 48. Qf4 Qe8 49. g6 Re7 50. gxh7+ 1-0

[Event "14th ECC w"]
[Site "Ohrid MKD"]
[Date "2009.10.07"]
[Round "4"]
[White "Weigel,M"]
[Black "Stojanovic,Andj"]
[Result "0-1"]
[WhiteElo "1857"]
[BlackElo "2323"]
[EventDate "2009.10.04"]

1. e4 c5 2. c3 Nf6 3. e5 Nd5 4. d4 cxd4 5. Nf3 e6 6. cxd4 d6 7. Bc4 Nc6 8.
O-O Be7 9. Qe2 O-O 10. Qe4 Ndb4 11. exd6 Qxd6 12. Bf4 Qd8 13. Nc3 Na5 14.
Be2 Bd7 15. Bb5 Bxb5 16. Nxb5 Nd5 17. Bg3 a6 18. Nc3 Nxc3 19. bxc3 Rc8 20.
Rac1 b5 21. Nd2 Qd7 22. Qe2 Nc4 23. Rfd1 Qd5 24. Nxc4 Rxc4 25. Qe5 Rfc8 26.
Qxd5 exd5 27. Rd3 b4 28. Re1 bxc3 29. Bf4 c2 30. Bc1 Bf6 31. Kf1 Rxd4 32.
Rxd4 Bxd4 33. Re7 Bf6 34. Rd7 d4 35. Ke2 h6 36. Rd6 a5 37. Rd5 a4 38. g3
Rc3 39. Ra5 Rc4 40. Kd3 Rc3+ 41. Kd2 g5 42. Rxa4 g4 43. Rb4 Bg5+ 0-1

[Event "14th ECC w"]
[Site "Ohrid MKD"]
[Date "2009.10.08"]
[Round "5"]
[White "Javakhishvili,L"]
[Black "Kosteniuk,A"]
[Result "1-0"]
[WhiteElo "2472"]
[BlackElo "2516"]
[EventDate "2009.10.04"]

1. d4 Nf6 2. c4 e6 3. Nf3 b6 4. Nc3 Bb4 5. Bg5 h6 6. Bh4 Bb7 7. e3 g5 8.
Bg3 Ne4 9. Qc2 c5 10. d5 Bxc3+ 11. bxc3 exd5 12. Be5 O-O 13. cxd5 d6 14.
Qxe4 dxe5 15. c4 Nd7 16. Qf5 Re8 17. h4 g4 18. Qxg4+ Kf8 19. h5 Nf6 20. Qh4
b5 21. Nd2 bxc4 22. Bxc4 Nxd5 23. Qe4 Bc6 24. Qh7 Qf6 25. Ne4 Qg7 26. Qxg7+
Kxg7 27. Nxc5 Rac8 28. Nb3 Nb4 29. Rc1 Nxa2 30. Ra1 Ba4 31. Nd2 Nc3 32. Ra3
Nd1 33. Rxa4 Nb2 34. Rb4 Nd3+ 35. Bxd3 Rc1+ 36. Ke2 Rxh1 37. Rb7 Rxh5 38.
Bc4 Rf8 39. Rxa7 Rh1 40. Ne4 Kg6 41. Ra6+ f6 42. Bd3 Kg7 43. Ng3 Rc1 44.
Nh5+ Kf7 45. Rxf6+ Ke7 46. Rxh6 Rg1 47. Be4 Rh1 48. Rh7+ Kd6 49. Ng3 Ra1
50. Rh6+ Kc5 51. Bf5 Ra2+ 52. Kf3 Kd5 53. e4+ Kd4 54. Rd6+ Kc3 55. Nf1 Rh8
56. Ne3 Rh4 57. Ng4 Ra5 58. Rh6 Rxh6 59. Nxh6 Kd2 60. g4 Ke1 61. g5 Kf1 62.
g6 Ra3+ 63. Kg4 Kxf2 64. Kg5 1-0

[Event "14th ECC w"]
[Site "Ohrid MKD"]
[Date "2009.10.08"]
[Round "5"]
[White "Cramling,P"]
[Black "Lomineishvili,M"]
[Result "1/2-1/2"]
[WhiteElo "2535"]
[BlackElo "2378"]
[EventDate "2009.10.04"]

1. d4 Nf6 2. Nf3 e6 3. c4 d5 4. Nc3 Bb4 5. Qa4+ Nc6 6. e3 O-O 7. Qc2 dxc4
8. Bxc4 Bd6 9. O-O e5 10. h3 exd4 11. exd4 h6 12. a3 a6 13. Ba2 Ne7 14. Ne5
c5 15. Nxf7 Rxf7 16. dxc5 Bxc5 17. Qb3 Ned5 18. Nxd5 Be6 19. Nxf6+ Rxf6 20.
Qc2 Rc8 21. Bxe6+ Rxe6 22. Qb3 Qb6 23. Qxb6 Bxb6 24. Be3 1/2-1/2

[Event "14th ECC w"]
[Site "Ohrid MKD"]
[Date "2009.10.08"]
[Round "5"]
[White "Khukhashvili,S"]
[Black "Socko,M"]
[Result "1/2-1/2"]
[WhiteElo "2451"]
[BlackElo "2476"]
[EventDate "2009.10.04"]

1. e4 e6 2. d4 d5 3. Nd2 c5 4. exd5 exd5 5. Ngf3 Nf6 6. Bb5+ Bd7 7. Bxd7+
Nbxd7 8. O-O Be7 9. dxc5 Nxc5 10. Re1 O-O 11. Nf1 Nce4 12. Be3 Re8 13. Bd4
a6 14. c3 b5 15. Qb3 Rb8 16. Rad1 a5 17. Ne3 Bd6 18. Qc2 Bc5 19. Bxc5 Nxc5
20. Nxd5 Rxe1+ 21. Nxe1 Nxd5 22. Qf5 Na4 23. Rxd5 Qe8 24. Re5 Qc6 25. Re7
Rf8 26. Nd3 g6 27. Qe4 Qc4 28. a3 Qa2 29. Qe2 Qb1+ 30. Qf1 Qc2 31. Qe2 Qb1+
32. Qf1 Qc2 33. Qe2 1/2-1/2

[Event "14th ECC w"]
[Site "Ohrid MKD"]
[Date "2009.10.08"]
[Round "5"]
[White "Rajlich,I"]
[Black "Kosintseva,T"]
[Result "1/2-1/2"]
[WhiteElo "2465"]
[BlackElo "2536"]
[EventDate "2009.10.04"]

1. d4 Nf6 2. c4 e6 3. Nc3 Bb4 4. Qc2 O-O 5. Nf3 d5 6. a3 Bxc3+ 7. Qxc3 dxc4
8. Qxc4 b6 9. Bg5 Ba6 10. Qa4 c5 11. dxc5 bxc5 12. h4 Qb6 13. Bxf6 gxf6 14.
Rb1 Rd8 15. Rh3 c4 16. Nd2 Nc6 17. Nxc4 Bxc4 18. Qxc4 Nd4 19. Rg3+ Kh8 20.
Qc1 Qa5+ 21. Rc3 Nb5 22. b4 Qa4 23. Rg3 Nd4 24. Rc3 Nb5 25. Rg3 Nd4 26. Rc3
Nb5 27. Rg3 1/2-1/2

[Event "14th ECC w"]
[Site "Ohrid MKD"]
[Date "2009.10.08"]
[Round "5"]
[White "Szczepkowska Horowska,K"]
[Black "Kosintseva,N"]
[Result "0-1"]
[WhiteElo "2321"]
[BlackElo "2493"]
[EventDate "2009.10.04"]

1. e4 c5 2. Nf3 d6 3. d4 cxd4 4. Nxd4 Nf6 5. Nc3 Nc6 6. Bg5 e6 7. Qd2 Qb6
8. Nb3 Be7 9. Bxf6 gxf6 10. O-O-O Bd7 11. f4 O-O-O 12. Be2 h5 13. Rhf1 Rdg8
14. Bf3 Kb8 15. Kb1 Na5 16. Qe2 Rc8 17. Nxa5 Qxa5 18. Rd3 Rc5 19. Rfd1 h4
20. Qf2 Qb6 21. R1d2 Rhc8 22. Nd1 Ba4 23. Ne3 f5 24. exf5 d5 25. fxe6 fxe6
26. Qe1 Bf6 27. Qc1 Bc3 28. Rf2 Rb5 29. b3 Rbc5 30. Nd1 Bf6 31. f5 Bb5 32.
Re3 e5 33. Re1 e4 34. Bh5 Qa5 35. Nb2 Qc3 36. a4 Ba6 37. Bf7 Ka8 38. Be6
Rd8 39. Ka2 b5 40. axb5 Bxb5 41. Re3 Bd3 42. Rd2 Ra5+ 43. Kb1 Qxb3 44. cxd3
Qa2+ 45. Kc2 Rc5+ 46. Kd1 Rxc1+ 0-1

[Event "14th ECC w"]
[Site "Ohrid MKD"]
[Date "2009.10.08"]
[Round "5"]
[White "Lahno,Kateri"]
[Black "Krupa,M"]
[Result "1-0"]
[WhiteElo "2483"]
[BlackElo "2219"]
[EventDate "2009.10.04"]

1. e4 c5 2. Nf3 Nc6 3. Bb5 e6 4. Bxc6 bxc6 5. d3 Ne7 6. Nc3 Ng6 7. h4 f6 8.
h5 Ne7 9. h6 gxh6 10. Bxh6 Bxh6 11. Rxh6 Ng6 12. Nh4 Ke7 13. Qh5 Nxh4 14.
Qxh4 Rf8 15. e5 1-0

[Event "14th ECC w"]
[Site "Ohrid MKD"]
[Date "2009.10.08"]
[Round "5"]
[White "Muzychuk,A"]
[Black "Hoang Thanh Trang"]
[Result "1-0"]
[WhiteElo "2533"]
[BlackElo "2501"]
[EventDate "2009.10.04"]

1. e4 e6 2. d4 d5 3. Nc3 Bb4 4. e5 b6 5. a3 Bf8 6. Bb5+ c6 7. Ba4 a5 8.
Nce2 b5 9. Bb3 c5 10. c3 Nc6 11. f4 Ba6 12. Nf3 Nh6 13. Be3 Qb6 14. h3 a4
15. Bc2 Na5 16. dxc5 Bxc5 17. Bxc5 Qxc5 18. Qd4 Qe7 19. g4 Nc4 20. Rb1 O-O
21. Ng3 f6 22. exf6 Qxf6 23. Qxf6 gxf6 24. Bd3 e5 25. Bxc4 bxc4 26. O-O
Rae8 27. Rbe1 e4 28. Nd4 Bc8 29. Rf2 Nf7 30. Nf1 Nd6 31. Ne3 Bb7 32. Rd2
Nc8 33. Ndc2 Ne7 34. Nb4 Ng6 35. Ng2 f5 36. g5 e3 37. Rd4 Re4 38. Nc2 e2
39. Kf2 Rfe8 40. Rxe4 Rxe4 41. Rxe2 Rxe2+ 42. Kxe2 d4 43. Nce1 d3+ 44. Kd2
Bd5 45. h4 h5 46. gxh6 Kh7 47. Ne3 Nxf4 48. Nxf5 Be4 49. Ne3 Bd5 50. Nxd5
Nxd5 51. Nxd3 cxd3 52. Kxd3 Kxh6 53. Kc4 Nc7 54. Kb4 Kh5 55. Kxa4 Kxh4 56.
Ka5 Kg5 57. Kb6 Nd5+ 58. Kc5 Nf4 59. a4 Nd3+ 60. Kb5 Nxb2 61. a5 Nd1 62. a6
Nxc3+ 63. Kc6 1-0

[Event "14th ECC w"]
[Site "Ohrid MKD"]
[Date "2009.10.08"]
[Round "5"]
[White "Ushenina,A"]
[Black "Maric,A"]
[Result "1/2-1/2"]
[WhiteElo "2448"]
[BlackElo "2405"]
[EventDate "2009.10.04"]

1. d4 Nf6 2. c4 e6 3. g3 d5 4. Nf3 Bb4+ 5. Bd2 Be7 6. Bg2 O-O 7. O-O c6 8.
Bf4 b6 9. Qc2 Ba6 10. b3 Nbd7 11. Rd1 Rc8 12. Nc3 Nh5 13. Bc1 f5 14. e3 Bd6
15. a4 Qe7 16. Qa2 Nhf6 17. Bb2 Ne4 18. Rac1 Bb7 19. Ne2 Kh8 20. Nf4 a5 21.
Ne5 Kg8 22. Rc2 Rfd8 23. Ned3 g5 24. Ne2 h6 25. Qa1 Kh7 26. Qb1 Kg8 27. f3
Nef6 28. Nc3 g4 29. Nf4 gxf3 30. Bxf3 Kh7 31. Rg2 Rg8 32. Rf1 Kh8 33. h3
Rg7 34. g4 Bxf4 35. exf4 Ne4 36. Bxe4 fxe4 37. Nd1 Rf8 38. Ne3 Qh4 39. Qc1
Qxh3 40. Rh2 Qg3+ 41. Rg2 Qh4 42. Rh2 Qg3+ 43. Rg2 Qh4 44. Rh2 Qg3+ 45. Rg2
1/2-1/2